Zweistimmige Kunstgeschichte

Bibliographic Details
Main Author: Orišková, Mária, 1952- (Author)
Format: Book
Language:German
PhysicalDescription:229 s. ilustr. 21 cm
Published: Wien Praesens Verlag 2008
ISBN:9783706905145
Series:Angewandte Kulturwissenschaften Wien
Subjects:

MARC

LEADER 00000nam a2200000 a 4500
001 vtls009951608
003 SK-MaSNL
005 20260301083150.0
008 251029s2008 au oa n 000 0dger
015 |a SNBZSA2010-00286 
020 |a 9783706905145  |q (brož.) 
035 |a 48904EDE-034B-43DB-8AAB-2CDC7E40B70C 
035 |a urn:nbn:sk:snk-aml4e2 
035 |a urn:nbn:sk:snk-am008wri 
040 |a SNK  |b slo  |c SNK  |e AACR2 
041 0 |a ger  |b eng 
044 |a au  |c AT 
072 7 |a 7.01/.09  |x Umenie  |2 konspekt 
080 |a 72/76  |x (4-191.2)  |2 2001 
080 |a 72/76(091)  |2 2001 
100 1 |a Orišková, Mária,  |d 1952-  |4 aut  |9 103317 
245 1 0 |a Zweistimmige Kunstgeschichte  |c Mária Orišková 
260 |a Wien  |b Praesens Verlag  |c 2008 
300 |a 229 s.  |b ilustr.  |c 21 cm 
490 1 |a Angewandte Kulturwissenschaften Wien  |v 14 
500 |a Porovnaj diz.: Wien, Univ. für Angew. Kunst, 2000 
500 |a Biogr. údaje o umelcoch 
504 |a Bibliogr. 
546 |a Res. angl. 
650 0 7 |a dejiny umenia  |2 snkph  |9 1066 
650 0 7 |a výtvarné umenie  |z Európa stredná (východná časť)  |2 snkph  |9 409579 
650 0 7 |a umenie  |z Európa stredná (východná časť)  |2 snkph  |9 409580 
655 7 |a monografie  |2 snkph  |9 70139 
830 0 |a Angewandte Kulturwissenschaften Wien  |9 409581 
919 |a 978-3-7069-0514-5 
958 |a ZS 
958 |a NB 
999 |c 659913  |d 661843 
952 |a SNK  |b SNK  |y PREZ  |7 0  |p 17A0634532  |o snkSC 137703  |i snk2009/19351  |8 2  |g 30.00  |0 0  |1 0  |4 0  |d 2009-09-18  |f 1  |l 0  |r 2025-07-04 00:00:00  |w 2026-02-23